000 00281nam a22001337a 4500
008 210429b ||||| |||| 00| 0 eng d
041 _aeng
080 _a82
082 _a82
100 _a21
101 _aGJL
245 _aAuserlesene Gedichte
_cKarschin,A.L
942 _2udc
_cBK
999 _c56929
_d56929